| 000 | 00469nam a2200157 i 4500 | ||
|---|---|---|---|
| 001 | 41320 | ||
| 003 | ES-MaACL | ||
| 005 | 20230906160418.0 | ||
| 007 | t| | ||
| 008 | 030310s1969 sp ||||1| spa d | ||
| 100 | 1 |
_aCasa Aruta, E. _935983 |
|
| 245 | 1 | 0 |
_aDiccionario de la industria textil... / _cFrancisco Casa Aruta. |
| 260 |
_aBarcelona, etc. : _bLabor, _c1969. |
||
| 300 |
_a796 p., 20 lám., 10 h. pleg. : _bil. ; _c26 cm. |
||
| 852 |
_aES-MaACL _jC-35668 _bR.69012 |
||
| 999 |
_c41320 _d41320 |
||